Metamorphosis, a problem in developmental biology /

Bibliographic Details
Other Authors: Gilbert, Lawrence I. (Lawrence Irwin), 1929-, Frieden, Earl
Format: Book
Language:English
Published: New York : Plenum Press, [1981]
Edition:2nd ed.
Subjects:

MARC

Tag First Indicator Second Indicator Subfields
LEADER 00000pam a2200000 a 4500
001 in00000087493
005 20151008064819.0
008 810928s1981 nyua b 00100 eng
010 |a  81017691  
020 |a 0306406926 
035 |a (OCoLC)07876017 
035 |9 AAK4847AM 
039 0 |a 2  |b 3  |c 3  |d 3  |e 3 
040 |a DLC  |c DLC  |d TXA  |d UtOrBLW 
049 |a TXAM  |c [1362157] 
050 0 0 |a QL981  |b .M47 1981 
060 0 |a QL 981 M587 
082 0 |a 591.3/34  |2 19 
245 0 0 |a Metamorphosis, a problem in developmental biology /  |c edited by Lawrence I. Gilbert and Earl Frieden. 
250 |a 2nd ed. 
264 1 |a New York :  |b Plenum Press,  |c [1981] 
264 4 |c ©1981 
300 |a xx, 578 pages :  |b illustrations ;  |c 27 cm. 
336 |a text  |b txt  |2 rdacontent 
337 |a unmediated  |b n  |2 rdamedia 
338 |a volume  |b nc  |2 rdacarrier 
504 |a Includes bibliographies and index. 
536 |a A gift from the Library of Herbert A. Roeller, December, 1998. 
650 0 |a Metamorphosis. 
650 2 |a Metamorphosis, Biological. 
700 1 |a Gilbert, Lawrence I.  |q (Lawrence Irwin),  |d 1929- 
700 1 |a Frieden, Earl. 
999 |a MARS 
999 f f |s bfc95bcd-62ba-3631-9c98-5d5077f8a4a0  |i bc8d8244-72da-3210-ac22-006f06e04434  |t 0 
952 f f |p ric  |a Texas A&M University  |b Rellis Campus  |c Joint Library Facility  |d Remote Storage  |t 0  |e QL981 .M47 1981  |h Library of Congress classification  |i unmediated -- volume  |m A14825333297 
998 f f |a QL981 .M47 1981  |t 0  |l Remote Storage